U.S.A. Geography Quiz Stats

 Plays Quiz Updated Sep 10, 2019

Score 0/27 Timer 05:00
6 Plays Today
Category Answer % Correct
US StatesAlabama...
92.8%
European CountriesSpain...
92%
North American CountriesUnited States
90.7%
African CountriesSouth Africa...
90%
US StatesSouth Dakota...
89.5%
US StatesUtah
89.3%
South American CountriesUruguay
88.7%
African CountriesUganda
86.7%
European CountriesAustria...
86.2%
South American CountriesArgentina
85.3%
Asian CountriesSouth Korea...
83.1%
Mountain Ranges (>1,000 km)Andes...
80.7%
African CountriesAlgeria...
80.7%
European CountriesUnited Kingdom...
78.7%
Category Answer % Correct
Asian CountriesUzbekistan...
76.8%
Asian CountriesAfghanistan...
73.2%
South American CountriesSuriname
68.6%
Asian CapitalsSeoul...
67.7%
Mountain Ranges (>1,000 km)Ural
65.3%
Lakes (>3,000 km²)Superior...
63.2%
North American CountriesSaint Lucia...
58.9%
North American CountriesAntigua and Barbuda
56.6%
Asian CapitalsUlaanbaatar
43.3%
Asian CapitalsAnkara...
41.5%
Mountain Ranges (>1,000 km)Sierra Madre...
11%
Lakes (>3,000 km²)Athabasca...
8%
Lakes (>3,000 km²)Urmia...
2.4%

You're not logged in!

Compare scores with friends on all Sporcle quizzes.
OR
Log In

Sporcle TV

Today on Sporcle TV


Watch our educational content, quiz creation guides, and fun videos on Sporcle TV.

Show Comments

Extras

Top Quizzes Today


Score Distribution

Your Account Isn't Verified!

In order to create a playlist on Sporcle, you need to verify the email address you used during registration. Go to your Sporcle Settings to finish the process.

Report this User

Report this user for behavior that violates our Community Guidelines.

Details: